Bharatbarshar itihas: (Record no. 11619)

MARC details
000 -LEADER
fixed length control field 00577nam a22001937a 4500
005 - DATE AND TIME OF LATEST TRANSACTION
control field 20230831112910.0
008 - FIXED-LENGTH DATA ELEMENTS--GENERAL INFORMATION
fixed length control field 230831b ||||| |||| 00| 0 eng d
020 ## - INTERNATIONAL STANDARD BOOK NUMBER
International Standard Book Number 9789391527679
040 ## - CATALOGING SOURCE
Original cataloging agency IN-DiNC
Transcribing agency IN-DiNC
041 ## - LANGUAGE CODE
Language code of sung or spoken text Assamese
082 ## - DEWEY DECIMAL CLASSIFICATION NUMBER
Classification number 934
Item number GOS
100 ## - MAIN ENTRY--PERSONAL NAME
Personal name Goswami, Pankaj
Relator term Author
245 ## - TITLE STATEMENT
Title Bharatbarshar itihas:
Remainder of title prak aitihasik jugor pora 300 khristopurboloi (Major 1)/
Statement of responsibility, etc. by Pankaj Goswami
250 ## - EDITION STATEMENT
Edition statement 1st ed.
260 ## - PUBLICATION, DISTRIBUTION, ETC.
Place of publication, distribution, etc. Jorhat:
Name of publisher, distributor, etc. Bidya bhawan,
Date of publication, distribution, etc. 2023.
300 ## - PHYSICAL DESCRIPTION
Extent 238p.
650 ## - SUBJECT ADDED ENTRY--TOPICAL TERM
Topical term or geographic name entry element History of India from prehistory to C 300 BC
942 ## - ADDED ENTRY ELEMENTS (KOHA)
Source of classification or shelving scheme Dewey Decimal Classification
Koha item type Books
Holdings
Withdrawn status Lost status Source of classification or shelving scheme Damaged status Not for loan Collection code Home library Current library Shelving location Date acquired Cost, normal purchase price Total Checkouts Full call number Barcode Date last seen Date last checked out Copy number Price effective from Koha item type
    Dewey Decimal Classification     History Central Library, Naharkatiya College Central Library, Naharkatiya College General Stacks 31/08/2023 250.00 8 934 GOS 29420 25/11/2025 15/10/2025 1 31/08/2023 Books
    Dewey Decimal Classification     History Central Library, Naharkatiya College Central Library, Naharkatiya College General Stacks 31/08/2023 250.00 7 934 GOS 29421 17/11/2025 04/11/2025 2 31/08/2023 Books
    Dewey Decimal Classification     History Central Library, Naharkatiya College Central Library, Naharkatiya College General Stacks 31/08/2023 250.00 5 934 GOS 29422 18/12/2023 28/11/2023 3 31/08/2023 Books

Naharkatiya College © 2020. All rights reserved.

Powered By